Australia : Financial Sector Assessment Program-Technical Note-Systemic Risk Oversight and Macroprudential Policy.

This technical note reviews systematic risk oversight and macroprudential policy in Australia. The paper surveys key concerns affecting the Australian financial system, including the substantial increase in house prices and household indebtedness, the rising concentration of bank exposures, and pote...

Descrición completa

Detalles Bibliográficos
Autor Corporativo: International Monetary Fund. Monetary and Capital Markets Department
Formato: Revista
Idioma:English
Publicado: Washington, D.C. : International Monetary Fund, 2019.
Series:IMF Staff Country Reports; Country Report ; No. 2019/050
Acceso en liña:Full text available on IMF
LEADER 02296cas a2200241 a 4500
001 AALejournalIMF019084
008 230101c9999 xx r poo 0 0eng d
020 |c 5.00 USD 
020 |z 9781484398906 
022 |a 1934-7685 
040 |a BD-DhAAL  |c BD-DhAAL 
110 2 |a International Monetary Fund.  |b Monetary and Capital Markets Department. 
245 1 0 |a Australia :   |b Financial Sector Assessment Program-Technical Note-Systemic Risk Oversight and Macroprudential Policy. 
264 1 |a Washington, D.C. :  |b International Monetary Fund,  |c 2019. 
300 |a 1 online resource (41 pages) 
490 1 |a IMF Staff Country Reports 
500 |a <strong>Off-Campus Access:</strong> No User ID or Password Required 
500 |a <strong>On-Campus Access:</strong> No User ID or Password Required 
506 |a Electronic access restricted to authorized BRAC University faculty, staff and students 
520 3 |a This technical note reviews systematic risk oversight and macroprudential policy in Australia. The paper surveys key concerns affecting the Australian financial system, including the substantial increase in house prices and household indebtedness, the rising concentration of bank exposures, and potential volatility from the commercial real estate sector. The macroprudential policy response of the authorities has also been examined. Current arrangements have historically worked well and are based on a culture of strong inter-agency cooperation, and it is important that processes are appropriate to ensure ongoing focus on stability-related risks. The IMF team recommends that the authorities explore options for further extending their macroprudential toolkit, providing additional flexibility in responding to significant shocks, and reducing systemic vulnerabilities. The slowing in the growth of household indebtedness and lower house prices suggest that substantial new measures are not required at the current juncture, but a 'readiness' assessment would help to facilitate the introduction of new or expanded policy measures when required. 
538 |a Mode of access: Internet 
830 0 |a IMF Staff Country Reports; Country Report ;  |v No. 2019/050 
856 4 0 |z Full text available on IMF  |u http://elibrary.imf.org/view/journals/002/2019/050/002.2019.issue-050-en.xml  |z IMF e-Library